[Event "Twente Young Master op-B"]
[Site "Twente"]
[Date "2007.08.11"]
[Round "9"]
[White "Hummel, Albert Jan"]
[Black "Hortensius, Lisa"]
[Result "0-1"]
[WhiteElo "1715"]
[BlackElo "1984"]
[PlyCount "108"]
[EventDate "2007.08.06"]
[EventType "swiss"]
[EventRounds "9"]
[EventCountry "NED"]
[SourceTitle "EXT 2008"]
[Source "ChessBase"]
[SourceDate "2007.11.25"]
[SourceVersion "1"]
[SourceVersionDate "2007.11.25"]
[SourceQuality "1"]

1. e4 c5 2. Nf3 Nc6 3. d4 cxd4 4. Nxd4 Nf6 5. Nc3 g6 6. Bg5 Bg7 7. Be2 0-0 8. 0-0 d6 9. Nb3 a6 10. f4 b5 11. Bf3 Bb7 12. Qe2 e6 13. Kh1 Qc7 14. Qf2 h6 15. Bh4 Rac8 16. Rad1 b4 17. Ne2 a5 18. e5 dxe5 19. fxe5 Nd5 20. Bxd5 exd5 21. Nf4 Nxe5 22. Nxd5 Bxd5 23. Rxd5 a4 24. Nc5 Ng4 25. Qg1 Qc6 26. Rfd1 Rfe8 27. Bf2 Nxf2+ 28. Qxf2 Bxb2 29. h3 Qf6 30. Qd2 Bc3 31. Qxh6 Qg7 32. Qxg7+ Bxg7 33. Kg1 Re2 34. Rd8+ Rxd8 35. Rxd8+ Kh7 36. Nd3 Rxc2 37. Nxb4 Rb2 38. a3 Rb3 39. Nc2 Rc3 40. Rd2 Bf8 41. Kf2 Bxa3 42. Nxa3 Rxa3 43. Rd7 Kg7 44. Ra7 Ra2+ 45. Kf3 a3 46. Ra5 Ra1 47. Kg3 f5 48. h4 a2 49. Ra6 Kh6 50. Ra5 Kh5 51. Ra4 f4+ 52. Kf2 Kg4 53. g3 Rh1 54. Rxf4+ Kh5 0-1